<?xml version="1.0" encoding="UTF-8"?><?xml-stylesheet type="text/xsl" href="static/style.xsl"?><OAI-PMH xmlns="http://www.openarchives.org/OAI/2.0/" xmlns:xsi="http://www.w3.org/2001/XMLSchema-instance" xsi:schemaLocation="http://www.openarchives.org/OAI/2.0/ http://www.openarchives.org/OAI/2.0/OAI-PMH.xsd"><responseDate>2026-04-14T16:25:36Z</responseDate><request verb="GetRecord" identifier="oai:uvadoc.uva.es:10324/36637" metadataPrefix="marc">https://uvadoc.uva.es/oai/request</request><GetRecord><record><header><identifier>oai:uvadoc.uva.es:10324/36637</identifier><datestamp>2021-06-23T11:40:49Z</datestamp><setSpec>com_10324_1176</setSpec><setSpec>com_10324_931</setSpec><setSpec>com_10324_894</setSpec><setSpec>col_10324_1956</setSpec></header><metadata><record xmlns="http://www.loc.gov/MARC21/slim" xmlns:doc="http://www.lyncode.com/xoai" xmlns:xsi="http://www.w3.org/2001/XMLSchema-instance" xmlns:dcterms="http://purl.org/dc/terms/" xsi:schemaLocation="http://www.loc.gov/MARC21/slim http://www.loc.gov/standards/marcxml/schema/MARC21slim.xsd">
<leader>00925njm 22002777a 4500</leader>
<datafield tag="042" ind1=" " ind2=" ">
<subfield code="a">dc</subfield>
</datafield>
<datafield tag="720" ind1=" " ind2=" ">
<subfield code="a">Fernando Velázquez, María Luisa</subfield>
<subfield code="e">author</subfield>
</datafield>
<datafield tag="260" ind1=" " ind2=" ">
<subfield code="c">2019</subfield>
</datafield>
<datafield tag="520" ind1=" " ind2=" ">
<subfield code="a">Anexo2: Actas completas de reuniones mentores-tutelados</subfield>
</datafield>
<datafield tag="024" ind2=" " ind1="8">
<subfield code="a">http://uvadoc.uva.es/handle/10324/36637</subfield>
</datafield>
<datafield tag="245" ind1="0" ind2="0">
<subfield code="a">Programa de Atención Tutorial Mentor en la Escuela de Ingenierías Industriales. Anexo 2</subfield>
</datafield>
</record></metadata></record></GetRecord></OAI-PMH>